| 000 | 00556nam a2200205Ia 4500 | ||
|---|---|---|---|
| 005 | 20250425162029.0 | ||
| 008 | 250425s9999 xx 000 0 und d | ||
| 020 | _a0133758745 | ||
| 041 | _aeng | ||
| 082 | _a690.837 | ||
| 100 | _aJACK H. WILLENBROCK, HARVEY B. MANBECK, MICHAEL G. | ||
| 245 | 0 | _aRESIDENTIAL BUILDING DESIGN AND CONSTRUCTION | |
| 250 | _aS.E. | ||
| 260 |
_aEstados Unidos _bPRENTICE HALL _c1998 |
||
| 260 | _aS.L. | ||
| 300 | _a507 | ||
| 650 | _aEDIFICIOS RESIDENCIALES-DISEÑO Y CONSTRUCCION | ||
| 942 | _c01 | ||
| 010 | _a41347 | ||
| 999 |
_c220973 _d220973 |
||